Introduction to polymer viscoelasticity /
Guardado en:
| Autor Principal: | |
|---|---|
| Otros Autores: | , |
| Formato: | Libro |
| Idioma: | English |
| Publicado: |
New York :
Wiley-Interscience,
c1972.
|
| Materias: | |
| Acceso en línea: | Descripción Tabla de contenido |
| Etiquetas: |
Agregar Etiqueta
Sin Etiquetas, Sea el primero en etiquetar este registro!
|
| LEADER | 01104cam a22002775a 4500 | ||
|---|---|---|---|
| 001 | EIQ.libpla001153 | ||
| 008 | 720302s1972####nyua#####b####001#0#eng#d | ||
| 005 | 20060810165405.0 | ||
| 245 | 1 | 0 | |a Introduction to polymer viscoelasticity / |c [by] John J. Aklonis, William J. MacKnight [and] Mitchel Shen. |
| 260 | |a New York : |b Wiley-Interscience, |c c1972. | ||
| 300 | |a xiii, 249 p. : |b il. ; |c 22 cm. | ||
| 504 | |a Incluye referencias bibliográficas e índice. | ||
| 020 | |a 0471018600 | ||
| 100 | 1 | |a Aklonis, John J. | |
| 700 | 1 | |a MacKnight, William J. | |
| 700 | 1 | |a Shen, Mitchel, |d 1938- | |
| 082 | 0 | 0 | |a 620.1/9204232 |2 19 |
| 650 | 4 | |a Polímeros |x Propiedades mecánicas. | |
| 650 | 4 | |a Viscoelasticidad |x Tratamiento. | |
| 650 | 4 | |a Viscoelasticity |x Treatment. | |
| 650 | 0 | |a Polymers |x Mechanical properties. | |
| 010 | |a 72000473 | ||
| 040 | |a DLC |c DLC |d AR-BbSID | ||
| 856 | 4 | 2 | |3 Descripción |u http://www.loc.gov/catdir/enhancements/fy0608/72000473-d.html |
| 856 | 4 | 1 | |3 Tabla de contenido |u http://www.loc.gov/catdir/enhancements/fy0608/72000473-t.html |
| 859 | |a AR-BbSID |b BIB. PLAPIQUI |h 620.192 32 |i Ak 57 |p 754 | ||
